000 00738nam a2200253 a 4500
001 16347
003 CO-ViMGA
008 141112s2004 ck r 000 u spa d
020 _a9583008486
040 _aCO-ViMGA
_bspa
_cCO-ViMGA
082 0 4 _aFRIa
100 1 _aFrías Navarro, Matilde
_98051
245 1 0 _aArco iris
260 _aBogotá :
_bPanAméricana,
_c2001
300 _a32.p.il.
490 _aColección OA infantil
590 _aForma de adquisición : Premio - Mincultura
650 1 4 _aMAGIA - POESIA INFANTIL
_923377
650 1 4 _aPOESIA COLOMBIANA
_91069
650 1 4 _aPOESIA INFANTIL COLOMBIANA
_9943
650 1 4 _aRELOJES - POESIA INFANTIL
_923378
650 1 4 _aVOCALES - POESIA INFANTIL
_923379
942 _2ddc
_cBK
999 _c26230
_d26230